000
00282nam a2200121Ia 4500
100
_a
Festo
942
_c
BK
654
_a
Pneumatic Control Engg
245
_a
Fundamentals of Pneumatic Control Engg
260
_b
Festo Didactic
_a
W- Germany
_c
1978
546
_a
ENGLISH
999
_c
33239
_d
33239